[Event "AUTO-OPEN-957"]
[Site "http://www.queenalice.com/game.php?id=330862"]
[Date "2008.1.4"]
[Round "1"]
[White "king_chess"]
[Black "Bagacinho"]
[Result "1-0"]
[WhiteElo "1598"]
[BlackElo "1345"]

1. e3 e6 2. Bd3 Nf6 3. Nf3 c6 4. O-O b5 5. Nc3 a6 6. Ne4 Qc7 7. Nxf6+ Kd8 8.
Nxh7 Bd6 9. h3 g6 10. Nhg5 c5 11. Nxf7+ Ke8 12. Nxh8 c4 13. Bxg6+ Kf8 14. Nf7
Bh2+ 15. Nxh2 Kg7 16. Qh5 d5 17. Qh8+ Kxg6 18. Qh6+ Kxf7 19. Qh7+ Ke8 20. Qxc7
Nd7 21. Qc6 Rb8 22. Qxe6+ Kd8 23. Qxd5 Bb7 24. Qf5 Rc8 25. h4 Kc7 26. h5 Rg8 27.
g3 Rf8 28. Qg5 Bc6 29. h6 Nb6 30. Qe5+ Kd7 31. h7 Re8 32. Qxe8+ Kxe8 33. h8=Q+
Kd7 34. f4 Nd5 35. Ng4 1-0

[Event "AUTO-OPEN-957"]
[Site "http://www.queenalice.com/game.php?id=330863"]
[Date "2008.1.4"]
[Round "1"]
[White "Bagacinho"]
[Black "king_chess"]
[Result "0-1"]
[WhiteElo "1339"]
[BlackElo "1604"]

1. e3 e5 2. Nf3 e4 3. Nd4 c5 4. Nf5 d5 5. Ng3 Bd6 6. Nc3 Nf6 7. Bb5+ Kf8 8. d3
Bxg3 9. hxg3 exd3 10. Qxd3 Nc6 11. Ba4 c4 12. Qd2 Ne7 13. Rh4 Be6 14. b3 Nf5 15.
Ba3+ Kg8 16. Rf4 Nh5 17. Rg4 cxb3 18. Bxb3 Nxe3 19. Rg5 Qxg5 20. Qxe3 Qxe3+ 21.
fxe3 Rc8 22. Bb4 Nf6 23. a4 b6 24. Nb5 a5 25. Bc3 Ne4 26. Bb2 Nxg3 27. Rd1 Nf5
28. g4 Nxe3 29. Rd2 Nxg4 30. Nd6 Rd8 31. Nb7 Rd7 32. Nxa5 bxa5 33. c4 Rb7 34.
Rd3 h5 35. cxd5 Bxd5 36. Bc2 Rxb2 0-1

[Event "AUTO-OPEN-957"]
[Site "http://www.queenalice.com/game.php?id=330888"]
[Date "2008.1.4"]
[Round "1"]
[White "Bagacinho"]
[Black "cunha"]
[Result "0-1"]
[WhiteElo "1373"]
[BlackElo "2115"]

1. e3 e5 2. Nf3 Nc6 3. Nc3 Nf6 4. d4 e4 5. Ng5 d5 6. f3 h6 7. Nh3 Bxh3 8. gxh3
Qe7 9. Rg1 exf3 10. Qxf3 O-O-O 11. a4 Nxd4 12. Qf2 Kb8 13. a5 Nc6 14. Qf4 d4 15.
Nb5 Nd5 16. Qf3 Qb4+ 17. Nc3 dxc3 18. bxc3 Qxc3+ 19. Kd1 Nf4+ 20. Bd2 Qxd2# 0-1

[Event "AUTO-OPEN-957"]
[Site "http://www.queenalice.com/game.php?id=330889"]
[Date "2008.1.4"]
[Round "1"]
[White "cunha"]
[Black "Bagacinho"]
[Result "1-0"]
[WhiteElo "2116"]
[BlackElo "1373"]

1. e4 Nf6 2. e5 Nd5 3. d4 Nc6 4. c4 Ndb4 5. a3 d6 6. axb4 Nxb4 7. Qa4+ Nc6 8. d5
Qd7 9. dxc6 bxc6 10. Nf3 Rb8 11. Nc3 h6 12. Bd3 Rg8 13. b4 g6 14. O-O h5 15. Be4
Rb6 16. b5 f5 17. Bxc6 Rxc6 18. bxc6 Qe6 19. exd6 cxd6 20. c7+ Kf7 21. Ng5+ Kf6
22. Nxe6 Kxe6 23. Bg5 h4 24. Qe8 d5 25. c5 d4 26. Rfe1# 1-0

[Event "AUTO-OPEN-957"]
[Site "http://www.queenalice.com/game.php?id=330890"]
[Date "2008.1.4"]
[Round "1"]
[White "Bagacinho"]
[Black "jiujitsubr"]
[Result "0-1"]
[WhiteElo "1376"]
[BlackElo "1748"]

1. e3 Nf6 2. Nh3 g6 3. Nc3 Bg7 4. Qf3 O-O 5. Bd3 d6 6. g3 Bxh3 7. g4 Bxg4 8. Qg3
Nbd7 9. h3 Be6 10. Rg1 c5 11. a3 Ne5 12. Bb5 a6 13. Ba4 b5 14. Nxb5 axb5 15.
Bxb5 Qb6 16. a4 Bd5 17. b3 Ne4 18. Qh4 Nf3+ 19. Kf1 Nxh4 20. Rg4 Bxa1 21. Rxh4
Bf6 22. Rf4 Qa5 23. f3 Nxd2+ 24. Ke2 Bxf3+ 25. Rxf3 Nxf3 26. Kxf3 Qb4 27. Bc4 e6
28. Ke2 d5 29. Bd3 c4 30. bxc4 dxc4 31. Be4 Rxa4 32. Bd2 c3 33. Be1 Qxe4 34.
Bxc3 Qxc2+ 35. Bd2 Bc3 36. e4 Qxd2+ 0-1

[Event "AUTO-OPEN-957"]
[Site "http://www.queenalice.com/game.php?id=330891"]
[Date "2008.1.4"]
[Round "1"]
[White "jiujitsubr"]
[Black "Bagacinho"]
[Result "1-0"]
[WhiteElo "1746"]
[BlackElo "1378"]

1. d4 Nc6 2. c4 Nf6 3. Nc3 a5 4. e3 Nb4 5. a3 Nc6 6. Bd3 d6 7. Nge2 Qd7 8. f3 h5
9. e4 g6 10. O-O b6 11. Be3 Bh6 12. Bxh6 Rxh6 13. Qd2 Rh7 14. e5 dxe5 15. d5 Na7
16. Qe3 Qd6 17. Ne4 Nxe4 18. Bxe4 Qc5 19. Qxc5 bxc5 20. Nc3 Rb8 21. Rf2 f5 22.
Bd3 g5 23. Re1 e6 24. Rxe5 Rf7 25. dxe6 Re7 26. Bxf5 Nc6 27. Rxc5 Nd4 28. Bg6+
Kf8 29. Rxg5 Rxe6 30. Bxh5 Ba6 31. Rd2 Re1+ 32. Kf2 Rbe8 33. Bxe8 Rxe8 34. Rxd4
c5 35. Rf4+ Ke7 36. Rxc5 Rd8 37. Re5+ Kd6 38. Rd5+ 1-0

[Event "AUTO-INT-742"]
[Site "http://www.queenalice.com/game.php?id=331072"]
[Date "2008.1.5"]
[Round "1"]
[White "KAXY"]
[Black "Bagacinho"]
[Result "1-0"]
[WhiteElo "1649"]
[BlackElo "1439"]

1. d4 d6 2. e4 Nf6 3. Nf3 Nxe4 4. Nc3 Nf6 5. d5 Qd7 6. Bb5 c6 7. dxc6 bxc6 8.
Ba4 Qe6+ 9. Be3 Bd7 10. O-O Na6 11. Nd4 Qc4 12. Qd2 Rb8 13. b3 Qb4 14. Bxc6 Nc5
15. a3 Qb6 16. Bxd7+ Nfxd7 17. b4 Na6 18. Rfe1 e5 19. Rad1 h5 20. Ndb5 Qc6 21.
Nxa7 Qb7 22. Nd5 Qb5 23. Nxb5 Rxb5 24. c4 Rb7 25. c5 dxc5 26. Bxc5 Ndxc5 27.
Nf6+ gxf6 28. Qd8# 1-0

[Event "AUTO-INT-742"]
[Site "http://www.queenalice.com/game.php?id=331073"]
[Date "2008.1.5"]
[Round "1"]
[White "Bagacinho"]
[Black "KAXY"]
[Result "0-1"]
[WhiteElo "1392"]
[BlackElo "1639"]

1. Nf3 d5 2. Nc3 Nf6 3. b3 Nc6 4. g3 e5 5. h4 d4 6. Na4 b6 7. e3 dxe3 8. fxe3
Bb7 9. Bb2 Bd6 10. Bc4 e4 11. d3 Bxg3+ 12. Kd2 exd3 13. cxd3 Ne4+ 14. Ke2 Bxh4
15. Nxh4 Nd4+ 16. Bxd4 Ng3+ 17. Kd2 Nxh1 18. Qxh1 Bxh1 19. Rxh1 Qg5 20. Nc3
O-O-O 21. Ne4 Qh6 22. a4 Rxd4 23. Kc3 Qxe3 24. Ng2 Qf3 25. Kxd4 Qxg2 26. Re1 Qf3
27. Rg1 Rd8+ 28. Bd5 f5 29. Re1 fxe4 30. Re3 c5+ 31. Kc4 Qxe3 32. Be6+ Kc7 33.
b4 Qd4+ 34. Kb5 Qxb4+ 35. Ka6 Qa5# 0-1

[Event "AUTO-INT-742"]
[Site "http://www.queenalice.com/game.php?id=331094"]
[Date "2008.1.5"]
[Round "1"]
[White "quifaiquoi"]
[Black "Bagacinho"]
[Result "1-0"]
[WhiteElo "2053"]
[BlackElo "1378"]

1. d4 Nf6 2. Nf3 e6 3. g3 Bb4+ 4. c3 Ba5 5. Bg2 Nd5 6. O-O h5 7. Bd2 Nc6 8. a3
b6 9. b4 Ncxb4 10. cxb4 Bxb4 11. Bxb4 Nxb4 12. axb4 Qe7 13. Ne5 Ba6 14. Bxa8 Qd6
15. Bf3 Qxb4 16. Rxa6 f6 17. Rxa7 Ke7 18. Rxc7 Qd6 19. Rxd7+ 1-0

[Event "AUTO-INT-742"]
[Site "http://www.queenalice.com/game.php?id=331095"]
[Date "2008.1.5"]
[Round "1"]
[White "Bagacinho"]
[Black "quifaiquoi"]
[Result "0-1"]
[WhiteElo "1378"]
[BlackElo "2020"]

1. Nf3 d5 2. Nc3 Nf6 3. e3 g6 4. Bb5+ c6 5. Ba4 Bg7 6. h4 Bg4 7. b3 b5 8. Ne5
Bxd1 9. Nxd1 bxa4 10. bxa4 Ne4 11. Bb2 Qa5 12. h5 Qxd2+ 13. Kf1 O-O 14. Rc1 Bxe5
15. Ba3 Na6 16. Rh4 Nb4 17. hxg6 fxg6 18. c3 Rxf2+ 19. Kg1 Rxg2+ 20. Kf1 Qe2#
0-1

[Event "AUTO-OPEN-958"]
[Site "http://www.queenalice.com/game.php?id=331414"]
[Date "2008.1.5"]
[Round "1"]
[White "Bagacinho"]
[Black "Cristianopesoa"]
[Result "0-1"]
[WhiteElo "1293"]
[BlackElo "1613"]

1. Nc3 e5 2. Nf3 Nc6 3. e3 d5 4. g3 Bg4 5. e4 d4 6. Nb5 Qf6 7. Nxc7+ Kd7 8. Nd5
Qxf3 9. Qxf3 Bxf3 10. Rg1 Bxe4 11. Nf4 exf4 12. gxf4 Nf6 13. b3 Nb4 14. Kd1
Bxc2+ 15. Ke2 Re8+ 0-1

[Event "AUTO-OPEN-958"]
[Site "http://www.queenalice.com/game.php?id=331415"]
[Date "2008.1.5"]
[Round "1"]
[White "Cristianopesoa"]
[Black "Bagacinho"]
[Result "1-0"]
[WhiteElo "1616"]
[BlackElo "1290"]

1. e4 Nf6 2. Nc3 e6 3. Nf3 c6 4. d4 a5 5. Bg5 h6 6. Bxf6 Qxf6 7. e5 Qf4 8. Bd3
Qg4 9. g3 Qh3 10. Ng1 Qg2 11. Be4 Qxe4+ 12. Nxe4 Bb4+ 13. c3 Be7 14. Nf3 Na6 15.
O-O f5 16. exf6 1-0

[Event "AUTO-OPEN-958"]
[Site "http://www.queenalice.com/game.php?id=331416"]
[Date "2008.1.5"]
[Round "1"]
[White "Bagacinho"]
[Black "zolaweed"]
[Result "0-1"]
[WhiteElo "1374"]
[BlackElo "1634"]

1. Nc3 e6 2. e3 a6 3. Qf3 d5 4. Nh3 Nh6 5. d3 Nc6 6. g3 Nb4 7. Qe2 e5 8. a3 Nc6
9. e4 Nd4 10. Qd2 Nf3+ 11. Kd1 Nxd2 12. Bxd2 Qf6 13. Nxd5 Qd6 14. Ne3 Bg4+ 0-1

[Event "AUTO-OPEN-958"]
[Site "http://www.queenalice.com/game.php?id=331417"]
[Date "2008.1.5"]
[Round "1"]
[White "zolaweed"]
[Black "Bagacinho"]
[Result "1-0"]
[WhiteElo "1640"]
[BlackElo "1366"]

1. e4 e6 2. d3 Bb4+ 3. c3 Ba5 4. Nh3 Qf6 5. Bg5 Qg6 6. Nd2 f6 7. Be3 Nc6 8. Nf4
Qg5 9. Nxe6 Qe5 10. Nxg7+ Kf8 11. Nf5 Qb5 12. b4 Bb6 13. d4 Qxf1+ 14. Nxf1 h5
15. Qf3 a5 16. Qg3 1-0

[Event "AUTO-OPEN-958"]
[Site "http://www.queenalice.com/game.php?id=331418"]
[Date "2008.1.5"]
[Round "1"]
[White "Bagacinho"]
[Black "Blackangel"]
[Result "0-1"]
[WhiteElo "1439"]
[BlackElo "1969"]

1. Nc3 c5 2. Nf3 d5 3. g3 Nf6 4. d4 cxd4 5. Nxd4 Nc6 6. Ndb5 Bf5 7. h4 e6 8. Bg2
Nb4 9. Qd4 Nxc2+ 10. Kd2 Nxd4 11. Nxd4 Bg6 12. Bh3 Bb4 13. f4 Ne4+ 14. Kd3 Nxc3+
15. f5 exf5 16. Rf1 f4+ 17. Nf5 Qe7 18. a3 Qe4+ 19. Kd2 Qxe2# 0-1

[Event "AUTO-OPEN-958"]
[Site "http://www.queenalice.com/game.php?id=331419"]
[Date "2008.1.5"]
[Round "1"]
[White "Blackangel"]
[Black "Bagacinho"]
[Result "1-0"]
[WhiteElo "1950"]
[BlackElo "1378"]

1. e4 Nf6 2. e5 Nd5 3. d4 b6 4. a3 g6 5. c4 Nf6 6. exf6 exf6 7. Qf3 Qe7+ 8. Ne2
Bb7 9. Qxb7 Nc6 10. Qxa8+ Qd8 11. Qxd8+ Kxd8 12. d5 Ne5 13. Ng3 c6 14. dxc6 dxc6
15. Ne4 h5 16. Nxf6 Be7 17. Bg5 Kc7 18. Nc3 Rd8 19. Be2 Rd6 20. Ne8+ Kd7 21.
Bxe7 Kxe7 22. Nxd6 Kxd6 23. O-O a5 24. b4 axb4 25. axb4 f5 26. Rfd1+ Ke6 27. Na4
f4 28. Nxb6 h4 29. b5 cxb5 30. cxb5 f3 31. Bxf3 Nxf3+ 32. gxf3 g5 33. Rd5 1-0

[Event "AUTO-OPEN-959"]
[Site "http://www.queenalice.com/game.php?id=332079"]
[Date "2008.1.6"]
[Round "1"]
[White "nelson_cxc"]
[Black "Bagacinho"]
[Result "0-1"]
[WhiteElo "1473"]
[BlackElo "1277"]

1. d4 e6 2. c4 Bb4+ 3. Nc3 Ba5 4. e4 Nc6 5. Nf3 b6 6. Bg5 f6 7. Bh4 Nh6 8. a3
Ng4 9. b4 Nxb4 10. axb4 Bxb4 11. Qb3 Qe7 12. h3 Nh6 13. Bd3 a5 0-1

[Event "AUTO-OPEN-959"]
[Site "http://www.queenalice.com/game.php?id=332080"]
[Date "2008.1.6"]
[Round "1"]
[White "Bagacinho"]
[Black "nelson_cxc"]
[Result "1-0"]
[WhiteElo "1301"]
[BlackElo "1449"]

1. e3 e5 2. Nf3 Nc6 3. Nc3 d6 4. g3 Bg4 5. h3 Bh5 6. Nd5 e4 7. Nf4 Bxf3 8. Ng2
Bxd1 9. Kxd1 Qf6 10. b3 Qxa1 11. h4 Nb4 12. Nf4 Nxa2 13. Nd3 1-0

[Event "AUTO-OPEN-959"]
[Site "http://www.queenalice.com/game.php?id=332103"]
[Date "2008.1.6"]
[Round "1"]
[White "From77fr"]
[Black "Bagacinho"]
[Result "1-0"]
[WhiteElo "1982"]
[BlackElo "1359"]

1. e4 Nf6 2. e5 Nd5 3. c4 Nf4 4. d4 Ne6 5. Nc3 Nc6 6. d5 Ned4 7. dxc6 Nxc6 8.
Nf3 g6 9. Bf4 b6 10. Qd2 Nb4 11. a3 Nc6 12. Bd3 Ba6 13. b4 e6 14. b5 Bb7 15.
bxc6 dxc6 16. Ne4 a5 17. Bg5 1-0

[Event "AUTO-OPEN-959"]
[Site "http://www.queenalice.com/game.php?id=332104"]
[Date "2008.1.6"]
[Round "1"]
[White "Bagacinho"]
[Black "From77fr"]
[Result "0-1"]
[WhiteElo "1359"]
[BlackElo "1980"]

1. e3 c5 2. d4 cxd4 3. exd4 Nf6 4. b3 g6 5. g3 Bg7 6. Bc4 d5 7. Bb5+ Bd7 8. Bd3
Nc6 9. Nd2 Nxd4 10. c3 Nb5 11. Qc2 Rc8 12. c4 dxc4 13. bxc4 O-O 14. cxb5 Rxc2
15. Bxc2 Bxb5 0-1

[Event "AUTO-OPEN-959"]
[Site "http://www.queenalice.com/game.php?id=332119"]
[Date "2008.1.6"]
[Round "1"]
[White "Bagacinho"]
[Black "extinsion_extelar"]
[Result "0-1"]
[WhiteElo "1285"]
[BlackElo "1946"]

1. e3 d5 2. Bb5+ c6 3. Bd3 Nf6 4. Qf3 e5 5. b3 e4 6. Qf4 exd3 7. cxd3 Bd6 8. Qg5
O-O 9. Nf3 h6 10. Qh4 Bf5 11. Qd4 c5 12. Qa4 Bxd3 13. Qa3 Nc6 14. Qb2 Nb4 15. a3
Nc2+ 16. Kd1 Nxa1 17. Qxa1 Qb6 18. Qc3 Bxb1 19. Qb2 Bd3 20. Qc3 c4 21. bxc4 dxc4
22. a4 Qb3+ 0-1

[Event "AUTO-OPEN-959"]
[Site "http://www.queenalice.com/game.php?id=332120"]
[Date "2008.1.6"]
[Round "1"]
[White "extinsion_extelar"]
[Black "Bagacinho"]
[Result "1-0"]
[WhiteElo "1944"]
[BlackElo "1287"]

1. e4 Nf6 2. e5 Ne4 3. d3 Nc5 4. Nf3 Ne6 5. d4 Nc6 6. d5 Nxe5 7. Nxe5 d6 8. Nxf7
Kxf7 9. Qh5+ g6 10. dxe6+ Kxe6 11. Bc4+ Kd7 12. Qe2 e6 13. Bxe6+ Ke8 14. Bxc8+
Be7 15. Bxb7 Rb8 16. Bc6+ Kf8 17. Qf3+ Bf6 18. Bh6+ Ke7 19. Qe4+ Be5 20. Bg5+
Ke6 21. Bxd8 Rbxd8 22. f4 1-0